[Event "AUTO-OPEN-714"]
[Site "http://www.queenalice.com/game.php?id=230902"]
[Date "2007.6.26"]
[Round "1"]
[White "ChrisDavison102"]
[Black "lvinsilva"]
[Result "1-0"]
[WhiteElo "1879"]
[BlackElo "1356"]

1. e4 e5 2. Nf3 Nf6 3. Nxe5 d6 4. Nf3 Nc6 5. Nc3 Bd7 6. d4 g6 7. Bg5 Bg7 8. e5
dxe5 9. dxe5 Nxe5 10. Nxe5 h6 11. Bxf6 Bxf6 12. Nxd7 Qe7+ 13. Be2 Rd8 14. Nxf6+
Qxf6 15. Bd3 Kf8 16. O-O Kg7 17. Re1 Rhe8 18. Rxe8 Rxe8 19. Qd2 Re6 20. Re1 Qe7
21. Rxe6 1-0

[Event "AUTO-OPEN-714"]
[Site "http://www.queenalice.com/game.php?id=230903"]
[Date "2007.6.26"]
[Round "1"]
[White "lvinsilva"]
[Black "ChrisDavison102"]
[Result "0-1"]
[WhiteElo "1322"]
[BlackElo "1930"]

1. e4 c5 2. Nf3 d6 3. d4 cxd4 4. Nxd4 Nf6 5. Nc3 a6 6. Bc4 e6 7. f3 Be7 8. O-O
O-O 9. f4 Nc6 10. e5 dxe5 11. fxe5 Nd5 12. Bxd5 exd5 13. Nf3 Be6 14. Be3 Rc8 15.
Qd2 d4 16. Bxd4 Nxd4 17. Nxd4 Bc5 18. Ne2 Bc4 19. b3 Bxe2 20. Rf4 Bh5 21. c3 Bg6
22. Kf1 Be7 23. Qf2 Rxc3 24. e6 fxe6 25. Rxf8+ Qxf8 26. Qxf8+ Bxf8 27. Nxe6 Be7
28. Re1 Rc2 29. Nf4 Bb4 30. Nxg6 hxg6 0-1

[Event "AUTO-OPEN-714"]
[Site "http://www.queenalice.com/game.php?id=230951"]
[Date "2007.6.26"]
[Round "1"]
[White "Jac"]
[Black "lvinsilva"]
[Result "1-0"]
[WhiteElo "1674"]
[BlackElo "1273"]

1. e4 e5 2. Nf3 d5 3. exd5 Qxd5 4. Nc3 Qe6 5. Qe2 f5 6. Qxe5 Nc6 7. Qxe6+ Bxe6
8. Bb5 Bd7 9. O-O O-O-O 10. Bxc6 Bxc6 11. Ne5 Be8 12. d3 Bd6 13. d4 Bc6 14. Nxc6
bxc6 15. Bg5 Be7 16. Be3 Nf6 17. Rad1 Rhe8 18. d5 Nxd5 19. Nxd5 cxd5 20. Bxa7
Bf8 21. Be3 d4 22. Bxd4 g5 23. c3 c5 24. Bf6 Rd6 25. Bxg5 Rxd1 26. Rxd1 h6 27.
Bf4 1-0

[Event "Challenge"]
[Site "http://www.queenalice.com/game.php?id=238907"]
[Date "2007.7.12"]
[Round "-"]
[White "mogerio"]
[Black "lvinsilva"]
[Result "1-0"]
[WhiteElo "1329"]
[BlackElo "1290"]

1. e4 c6 2. d4 d5 3. exd5 cxd5 4. Nc3 Nc6 5. Nf3 e6 6. Bd3 Nf6 7. O-O a6 8. Bf4
g6 9. Rc1 Bg7 10. Qe2 O-O 11. Nd2 Bd7 12. Nf3 Re8 13. Ng5 Bh6 14. Qe3 Qe7 15.
Qh3 e5 16. Qxh6 Nxd4 17. Rfe1 Nf5 18. Bxf5 Qd8 19. Bxe5 Rxe5 20. Rxe5 Qf8 21.
Qxf8+ Kxf8 22. Bxd7 Nxd7 23. Re3 d4 24. Re2 dxc3 25. bxc3 Rc8 26. Rce1 Kg7 27.
Re3 Nf6 28. Re7 Rxc3 29. Rxf7+ Kh6 30. Rxh7+ Kxg5 31. Re5+ Kf4 32. Re6 1-0

[Event "Invitation"]
[Site "http://www.queenalice.com/game.php?id=239047"]
[Date "2007.7.12"]
[Round "-"]
[White "lvinsilva"]
[Black "Nakgada"]
[Result "0-1"]
[WhiteElo "1322"]
[BlackElo "1804"]

1. e4 e6 2. d4 c5 3. Nf3 Nf6 4. Nc3 Qa5 5. Bd2 cxd4 6. Nxd4 Qb6 7. Ncb5 Nxe4 8.
Bf4 d6 9. Qf3 Nf6 10. Be3 Nd5 11. Bg5 a6 12. Bf4 axb5 13. Bxb5+ Bd7 14. c4 Qxd4
15. Bxd7+ Nxd7 16. cxd5 Ne5 17. Bxe5 Qxe5+ 18. Kf1 Qxb2 19. Re1 e5 20. g3 Be7
21. Re2 Qb5 22. Kg2 O-O 23. Rhe1 Ra5 24. Qd3 Qxd3 0-1

[Event "Challenge"]
[Site "http://www.queenalice.com/game.php?id=248422"]
[Date "2007.7.31"]
[Round "-"]
[White "mogerio"]
[Black "lvinsilva"]
[Result "1-0"]
[WhiteElo "1343"]
[BlackElo "1275"]

1. e4 c5 2. d4 d6 3. d5 Nf6 4. Nc3 e6 5. Bb5+ Bd7 6. Bd3 g6 7. Nf3 Bg7 8. dxe6
Bxe6 9. O-O O-O 10. Ng5 Qd7 11. Qf3 Nc6 12. Qf4 d5 13. exd5 Nxd5 14. Qh4 Nf6 15.
Bd2 Rfe8 16. Na4 b6 17. Bc3 h5 18. g4 Bxg4 19. f3 Bf5 20. f4 Bxd3 21. cxd3 Qxd3
22. f5 Ne4 23. Rf4 Qe3+ 24. Kg2 Bxc3 25. Raf1 Nd2 26. R1f2 Qe1 27. Qh3 Re2 28.
Nxc3 Rxf2+ 29. Kg3 1-0

[Event "Challenge"]
[Site "http://www.queenalice.com/game.php?id=249243"]
[Date "2007.8.1"]
[Round "-"]
[White "amadeuswags"]
[Black "lvinsilva"]
[Result "1-0"]
[WhiteElo "1425"]
[BlackElo "1322"]

1. e4 c5 2. Nc3 Nf6 3. Nf3 e6 4. Bc4 a6 5. d3 d5 6. exd5 exd5 7. Bb3 Nc6 8. Bg5
Be7 9. O-O h6 10. Bf4 O-O 11. Qd2 Re8 12. Rae1 Bf5 13. Ne5 1-0

[Event "AUTO-INT-558"]
[Site "http://www.queenalice.com/game.php?id=249701"]
[Date "2007.8.2"]
[Round "1"]
[White "candycorn"]
[Black "lvinsilva"]
[Result "1-0"]
[WhiteElo "1315"]
[BlackElo "1314"]

1. e4 c5 2. d3 d5 3. exd5 Qxd5 4. c4 Qd7 5. Nf3 Nc6 6. Nc3 e6 7. Bd2 Bd6 8. Nb5
Be7 9. Bf4 Qd8 10. Be2 Nf6 11. Ne5 O-O 12. Nxc6 bxc6 13. Nc7 Rb8 14. Qa4 Nh5 15.
Bxh5 Qxd3 16. Rd1 Qe4+ 17. Be3 Qxg2 18. Kd2 Bg5 19. Rhg1 Rd8+ 20. Ke2 Rxb2+ 21.
Bd2 Rdxd2+ 22. Ke1 1-0

[Event "AUTO-INT-558"]
[Site "http://www.queenalice.com/game.php?id=249702"]
[Date "2007.8.2"]
[Round "1"]
[White "lvinsilva"]
[Black "candycorn"]
[Result "0-1"]
[WhiteElo "1292"]
[BlackElo "1331"]

1. d4 d5 2. c4 c5 3. e3 dxc4 4. Bxc4 cxd4 5. exd4 a6 6. Nf3 e6 7. Nc3 Nf6 8. Be3
h6 9. O-O Qb6 10. Re1 Qxb2 11. Qd2 Qa3 12. Bf4 b5 13. Bd3 b4 14. Ne2 g5 15. Qc2
Bb7 16. Be5 Bg7 17. Bc4 g4 18. Bd5 Bxd5 19. Nf4 Bxf3 20. gxf3 Qxf3 21. d5 exd5
0-1

[Event "AUTO-INT-558"]
[Site "http://www.queenalice.com/game.php?id=249715"]
[Date "2007.8.2"]
[Round "1"]
[White "fera77"]
[Black "lvinsilva"]
[Result "1-0"]
[WhiteElo "1634"]
[BlackElo "1319"]

1. e4 Nf6 2. d4 d5 3. exd5 Nxd5 4. c4 Nb6 5. Nc3 e6 6. a3 Be7 7. Nf3 O-O 8. Bd3
Nc6 9. O-O Bf6 10. Be3 Re8 11. Rc1 e5 12. dxe5 Nxe5 13. Nxe5 Bxe5 14. Qe2 Be6
15. Rcd1 Qd7 16. Bxh7+ 1-0

[Event "AUTO-INT-558"]
[Site "http://www.queenalice.com/game.php?id=249716"]
[Date "2007.8.2"]
[Round "1"]
[White "lvinsilva"]
[Black "fera77"]
[Result "0-1"]
[WhiteElo "1325"]
[BlackElo "1630"]

1. d4 d5 2. c4 c5 3. e3 Nc6 4. Nf3 Bg4 5. Be2 e6 6. Nc3 Nf6 7. Ne5 Bxe2 8. Qxe2
cxd4 9. Nxc6 bxc6 10. exd4 Be7 11. Be3 O-O 12. O-O Rc8 13. Rfd1 Qb6 14. Na4 Qc7
15. Rac1 h5 0-1

[Event "AUTO-INT-558"]
[Site "http://www.queenalice.com/game.php?id=249723"]
[Date "2007.8.2"]
[Round "1"]
[White "shashidhar"]
[Black "lvinsilva"]
[Result "0-1"]
[WhiteElo "1248"]
[BlackElo "1255"]

1. e4 c6 2. d4 d5 3. e5 e6 4. c4 Ne7 5. c5 Ng6 6. Bd3 b6 7. b4 Nd7 8. Nf3 a5 9.
b5 Bb7 10. cxb6 Nxb6 0-1

[Event "Invitation"]
[Site "http://www.queenalice.com/game.php?id=256071"]
[Date "2007.8.15"]
[Round "-"]
[White "Nakgada"]
[Black "lvinsilva"]
[Result "1-0"]
[WhiteElo "1808"]
[BlackElo "1295"]

1. d4 Nc6 2. e4 e5 3. d5 Nce7 4. Nf3 d6 5. Bb5+ Bd7 6. Qd3 c6 7. Bc4 Nf6 8. Bg5
Nc8 9. Nc3 Nb6 10. O-O-O Be7 11. Bxf6 Bxf6 12. dxc6 Bxc6 13. Bb5 O-O 14. h4 d5
15. Qe2 Re8 16. Bxc6 bxc6 17. g4 h6 18. Kb1 Nc4 19. exd5 Nxb2 20. Kxb2 Qb8+ 21.
Ka1 e4 22. Nd4 Qb4 23. Qe3 Rab8 24. Nb3 Bxc3+ 25. Kb1 c5 26. Rh3 Be5 27. g5 c4
28. gxh6 Qb6 29. Qxe4 cxb3 30. cxb3 Qxh6 31. Qf5 Bf6 32. d6 g6 33. Qxf6 Re2 34.
f4 Qf8 35. h5 Qe8 36. Qd4 Rd8 37. hxg6 Qe4+ 38. Qxe4 Rxe4 39. gxf7+ Kxf7 40.
Rh7+ Kf6 41. Rxa7 Rxf4 42. d7 Ke7 43. Re1+ Kd6 44. Rh1 Rf7 45. Rh6+ Ke7 46. a4
Rf1+ 47. Ka2 Rf2+ 48. Ka3 Rb8 49. Rh3 Rf1 50. Rc3 Rd8 51. Rc8 Rxd7 52. Rxd7+
Kxd7 53. Rc4 Rf8 54. a5 Ra8 55. b4 1-0

[Event "Invitation"]
[Site "http://www.queenalice.com/game.php?id=256072"]
[Date "2007.8.15"]
[Round "-"]
[White "lvinsilva"]
[Black "Nakgada"]
[Result "0-1"]
[WhiteElo "1295"]
[BlackElo "1801"]

1. e4 d5 2. Nc3 d4 3. Nce2 e5 4. d3 Nc6 5. c3 Bg4 6. f3 Be6 7. f4 Bd6 8. cxd4
exd4 9. e5 Bb4+ 10. Bd2 Qe7 11. Nf3 O-O-O 12. Ng3 f6 13. a3 Bxd2+ 14. Qxd2 Bg4
15. Be2 Qe6 16. O-O Bxf3 17. Bxf3 Nge7 18. Rac1 fxe5 19. Bxc6 Nxc6 20. Qe2 Rde8
21. f5 Qd6 22. Ne4 Qe7 23. Qc2 Rhf8 24. Qa4 a6 25. Rxc6 bxc6 26. Qxc6 g6 27. Nc5
Qxc5 28. Qxc5 gxf5 29. Rc1 Rf7 30. Qc4 Rfe7 31. Qxa6+ Kd7 32. Qb5+ Ke6 33. Rc6+
Kf7 34. Qd5+ Kg7 35. g4 fxg4 36. Qe4 Kh8 37. Qxg4 Rg8 38. Qxg8+ Kxg8 39. b4 Kf8
40. a4 Ke8 41. b5 Kd7 42. Ra6 Kc8 43. b6 Kb7 44. Ra7+ Kxb6 45. Ra8 e4 46. Rb8+
Ka7 47. Rb4 c5 48. Rb5 c4 49. dxc4 e3 50. Rd5 e2 51. Rxd4 e1=Q+ 52. Kg2 Re2+ 0-1